Quizzes
Events
Quiz Creation
Community
Videos
Private Events
Remove Ads
Sign In
Join for FREE
Feedback
Dark Mode
Quiz Categories
Sports
Geography
Music
Movies
Television
Just For Fun
Miscellaneous
History
Literature
Language
Science
Gaming
Entertainment
Religion
Holiday
For Kids
Quiz Lab
Recent
Popular Today
Quiz Kudos Today
Editor Picks
Curator Picks
Quizzes by...
Day
Popularity
Type
Ratings
Length
Year
Community
Subscriptions
Recent Discussions
Orange Saloon
Badges
Playlists
Quests
Create
Leaderboards
Showdown
Live 5
Trivia Bingo
Activity
Puzzle Library
Sporcle Events
Private Events
Virtual Trivia
Globe League
Become a Host
Pub Owners
SporcleCon
Opinionation
Our Games
Videos
Blog
Mobile Apps
Partnerships
Remove Ads and Go Orange
Feedback
Science
Computer
Plants
Astronomy
Chemistry
Elements
Math
Animal
Physics
Anatomy
Biology
Geology
General Science
Science
Computer
Plants
Astronomy
Chemistry
Elements
Math
Animal
Physics
Anatomy
Biology
Geology
General Science
Random Quiz
Search Sporcle
×
Quiz Lab
Quiz Lab
Science
Clickable
Select answers by clicking on text or image buttons
Select answers by clicking on text or image buttons
Clickable
Best Score? Go Orange.
Functional Brain Networks Stats
Can you pick the Functional Brain Networks?
By
hickofucd2017
2m
14 Questions
19 Plays
19 Plays
19 Plays
Comments
Comments
Give Quiz Kudos
Give Quiz Kudos
-
- Ratings
hide this ad
Forced Order
Answers have to be entered in order
Answers have to be entered in order
Random Order
Randomize order of answers
Randomize order of answers
Replay
Link that replays current quiz
Next Quiz
Link to next quiz in quiz playlist
You Got
0%
They Got
Avg Score
65%
Avg Friend Score
Upgrade to see
Score Distribution
Jump to the score distribution portion of the page
Score
0/14
Timer
02:00
0
Plays Today
% Correct
Thalamus
84.2%
Anterior Prefrontal Cortex
78.9%
Anterior Insula
78.9%
Precuneus
73.7%
Dorsal Anterior Cingulate Cortex
73.7%
Medial Prefrontal Cortex
68.4%
Frontal Eye Field
68.4%
% Correct
Dorsolateral Prefrontal Cortex
63.2%
Frontal Operculum
63.2%
Posterior Cingulate Cortex
57.9%
Intraparietal Sulcus
52.6%
Angular Gyrus
52.6%
Putamen
52.6%
Lateral Superior Parietal Lobule
47.4%
Quiz Playlist
Details
Report
Send in Message
Add To Playlist
Clickable:
Select answers by clicking on text or image buttons
Forced Order:
Answers have to be entered in order
Random Order:
Randomize order of answers
Last Updated: Nov 25, 2018
Quiz Scoreboard
CHALLENGE
Sign Up to Join the Scoreboard
Show All
Scores
Hide
Comments
May contain spoilers
Recently Published
Movies - When Are They Set?
by FPL_Elf
Movies
5m
Popular People in 1961
by mucciniale
History
6m
1-10 Letter E Words III
by El_Dandy
Language
2m
More to Explore
Quiz From the Vault
Featured Blog Post
Where Did the Easter Bunny Come From?
hide this ad
You Might Also Like...
Tags
Clickable Quiz
Network Quiz
brain
functional
Today's Top Quizzes in Science
Browse Science
hide this ad
Today's Top Quizzes in Clickable
Browse Clickable
Top Contributed Quizzes in Science
1
One Thing in Common: Science III
2
Quick Pick: 'CI-CJ' Animals
3
Quick Pick: Radians
4
One Thing in Common: Science
5
Sporcle Puzzle Hunt: Science
6
One Thing in Common: Science II
7
Elements In Images
8
Square Numbers Scrambled (1-50)
9
1 to 50
10
Glycolysis
Explore More
Trending Topics
Kpop
Anime
NBA
Disney
Harry Potter
Crossword
Marvel
WWE
Song
Puzzle
The Office
Pokémon
NFL
Country
Soccer
hide this ad
More By:
hickofucd2017
Quiz
Plays
Rating
Category
Featured
Created
Usher - Yeah! - Lyrics Quiz
556
2.50
Music
Apr 13, 2019
The Cranial Nerves Mini Typing Challenge
391
5.00
Just For Fun
Oct 29, 2018
The Papez Circuit
113
Science
Dec 2, 2018
The Brain - Blood Supply
104
Science
Sep 30, 2018
Personality Disorders - Features
75
4.00
Science
Oct 27, 2018
Go to Creator's Profile
Score Distribution
Quiz Creator Spotlight
hickofucd2017
Follow
Send a Message
Quizzes Created
-
Created Quiz Play Count
-
More By This Creator
Popular Quizzes Today
1
Find the US States - No Outlines Minefield
2
Find the Countries of Europe - No Outlines Minefield
3
The Countries of the World
4
Popular People in 1961
5
1-10 Letter E Words III
6
US States
7
Find the US States
8
One Thing in Common: World Cities II
More Science Quizzes
Secret Message A-Z: Astronomy!
Curator's Pick
Trending Quizzes
Risky Map Clicking: Least Populous States A-Z
1-10 Letter F Words
Humor Books: The Subtitles
1-10 Letter G Words
One Thing in Common: United Kingdom
Recently Updated
Leaping Animals
pecheneg
Reality TV Shows (A-Z)
bhenderson79
Rickey Henderson's Hall of Fame Teammates
pecheneg
Champions League XIs: Arsenal
pecheneg
Quick Pick: Celebrities in WWE's Hall of Fame
aduchscher
A-Z Keypad Blitz II
pecheneg
Multiple Oscar Actors
pecheneg
Mystery Phrase Blitz: Oscar 'Best Actors'
pecheneg
F. Scott Fitzgerald Novels
LTH
Pick 3 Villains
ddd62291
Trending Topics
Disney
NBA
Marvel
Kpop
Crossword
Anime
Harry Potter
NFL
Puzzle
The Office
Soccer
Pokémon
Song
Country
WWE
Your Account Isn't Verified!
In order to create a playlist on Sporcle, you need to verify the email address you used during registration. Go to your
Sporcle Settings
to finish the process.
Report this User
Report this user for behavior that violates our
Community Guidelines
.
Details:
Send Report
Go to the Sporcle.com Mobile Site →
Comments